| 000 | 00000nam##2200000za#4500 |
| 001 | 9.634141 |
| 003 | CaOODSP |
| 005 | 20210624215645 |
| 007 | cr ||||||||||| |
| 008 | 150407|2007||||xxc|||||o f|0| 0 fre|d |
| 020 | |a978-0-662-09227-8 |
| 040 | |aCaOODSP|bfre |
| 043 | |an-cn--- |
| 086 | 1 |aSG5-12/2007F-PDF |
| 110 | 1 |aCanada. |bService Canada. |
| 245 | 10|aRenseignements importants sur le relevé d'emploi |h[ressource électronique] |
| 246 | 3 |aAssurance-emploi - Renseignements importants sur le relevé d'emploi |
| 260 | |aOttawa - Ontario : |bService Canada |c2007. |
| 300 | |a2p. |
| 590 | |a07-31|b2007-08-03 |
| 691 | 07|aEmploi|2gcpds |
| 775 | 08|tImportant Record of Employment (ROE) information |w(CaOODSP)9.689744 |
| 856 | 40|ahttp://publications.gc.ca|qPDF|s151 Ko|uhttps://publications.gc.ca/collections/collection_2007/servicecanada/SG5-12-2007F.pdf |